You're the boss: (Record no. 11534)

MARC details
000 -LEADER
fixed length control field 01965nam a22001697a 4500
020 ## - INTERNATIONAL STANDARD BOOK NUMBER
ISBN 9781529146363
082 ## - DEWEY DECIMAL CLASSIFICATION NUMBER
Classification number 658.409NAW
100 ## - MAIN ENTRY--AUTHOR NAME
Personal name Nawaz, Sabina
245 ## - TITLE STATEMENT
Title You're the boss:
Sub Title become the manager you want to be
260 ## - PUBLICATION, DISTRIBUTION, ETC. (IMPRINT)
Place of publication New York
Name of publisher Simon & Schuster
Year of publication 2025
300 ## - PHYSICAL DESCRIPTION
Number of Pages 257p.
Other physical details 24 cm
504 ## - BIBLIOGRAPHY, ETC. NOTE
Bibliography, etc Includes bibliographical references (pages 251-257)
520 ## - SUMMARY, ETC.
Summary, etc Whether you're in the C-Suite or newly promoted, you're most likely succeeding at your job. But are you reaching your full potential as a manager? Most top performers suspect they aren't, and Sabina Nawaz, former Microsoft executive and elite Fortune 500 coach, says they're usually right. Unfortunately, it's often hard to recognize the problem or know how to address it. In You're the Boss, Nawaz taps her experience and proprietary data drawn from analyzing and advising executives at organizations like Amazon, Microsoft, Google, Motorola, Nordstrom, and the United Nations, to offer managers everything they need to know to succeed at the job. Her work reveals that as our job expands, the added pressure to perform corrupts our actions, and our increased power will blind us to the impact of those actions. Even the most well-intentioned manager can quickly become the boss nobody wants to work for. You're the Boss is your executive coach in book form. It offers a fresh, evidence-based framework for managing pressure and power with grace and intelligence. Nawaz's potent, proven strategies guide you to anticipate the unavoidable hazards of leadership without changing who you are, based on over two decades of coaching and in-depth research into the psychology of behavior and relationships. Discover a powerful way to manage yourself and others, navigate working relationships, and communicate effectively. Become the boss you want to be--and others need--while experiencing less stress and greater impact
650 ## - SUBJECT ADDED ENTRY--TOPICAL TERM
Topical Term Management
942 ## - ADDED ENTRY ELEMENTS (KOHA)
Koha item type Book
Holdings
Withdrawn status Lost status Damaged status Not for loan Permanent Location Current Location Shelving location Date acquired Cost, normal purchase price Full call number Accession Number Price effective from Koha item type
        UONGOZI Institute Resources Centre - Dar es Salaam UONGOZI Institute Resources Centre - Dar es Salaam Personal Development 07/19/2026 35162.00 658.409NAW UR010552 07/01/2026 Book
        UONGOZI Institute Resources Centre - Dar es Salaam UONGOZI Institute Resources Centre - Dar es Salaam Personal Development 07/19/2026 35162.00 658.409NAW UR010551 07/01/2026 Book
        UONGOZI Institute Resources Centre - Dodoma UONGOZI Institute Resources Centre - Dodoma Self Help 06/19/2026   658,409NAW URD002916 06/19/2026 Book
        UONGOZI Institute Resources Centre - Dodoma UONGOZI Institute Resources Centre - Dodoma Leadership 06/19/2026   658.409NAW URD002915 06/19/2026 Book